Obrazovka pre každého

Bibliographic Details
Main Author: Štepitová-Klaučo, Marianna (Author)
Format: Article
Language:Slovak
PhysicalDescription:Obr. 2.
Subjects:

MARC

LEADER 00000nab a2200000 a 4500
001 vtls000096238
003 SK-MaSNL
005 20260303232126.0
008 111104c1981 xo 0 slo
015 |a SNBRB19rr/mm-uuuuu 
035 |a CL0106341 
040 |a SNKBUCL  |b slo  |c SNKBUCL  |e AACR2 
041 0 |a slo 
044 |a xo  |c SK 
080 |a 7.097  |2 1981 
100 1 |a Štepitová-Klaučo, Marianna  |4 aut  |9 833034 
245 1 0 |a Obrazovka pre každého  |c Mariana Štepitová-Klaučo ; Marianna Štepitová-Klaučo 
300 |b Obr. 2. 
500 |a Mimoriadne číslo pre krajanov v zahraničí 
610 2 7 |a Československá televízia  |2 snkbucl  |9 215938 
650 0 7 |a televízne programy  |2 snkbucl  |9 2912 
655 7 |a články z novín a časopisov  |2 snkbucl  |9 267496 
773 0 |t Slovensko  |g Č. 1 (1981), s. 15 
850 |a Slovenská národná knižnica v Martine  |a MTA001 
852 |a SNK  |b KIS3GCP 
958 |a RK 
992 |a RBX 
999 |c 2270156  |d 2272086